[Event "BL 0708 Godesberger SK - Hamburger SK"]
[Site "?"]
[Date "2008.02.09"]
[Round "8.1"]
[White "Wojtaszek, Radoslav"]
[Black "Kasimdzhanov, Rustam"]
[Result "0-1"]
[WhiteElo "2635"]
[BlackElo "2690"]
[PlyCount "114"]
[EventDate "2008.??.??"]

1. d4 d5 2. Nf3 Nf6 3. c4 c6 4. Nc3 e6 5. Bg5 h6 6. Bh4 dxc4 7. e4 g5 8. Bg3 b5
9. Be2 Bb7 10. O-O Nbd7 11. Ne5 h5 12. Nxd7 Qxd7 13. Qc1 Rg8 14. Rd1 Bb4 15.
Qe3 Qe7 16. h3 h4 17. Be5 a6 18. a4 Nd7 19. Bh2 Nf6 20. Kh1 Rg6 21. Rac1 Rd8
22. Be5 Ba5 23. Bf3 Bb6 24. Qe2 Nd7 25. Bh2 e5 26. axb5 cxb5 27. d5 Nc5 28. Bg4
Nb3 29. Rb1 Nd4 30. Qd2 Bc5 31. Ne2 Nb3 32. Qc3 Bd6 33. g3 Bc8 34. gxh4 Bxg4
35. hxg4 gxh4 36. f3 Rc8 37. Rf1 Bb4 38. Qxe5 Qxe5 39. Bxe5 Nd2 40. Rbd1 Nxf1
41. Rxf1 Bd2 42. Rd1 Be3 43. Nc3 Kd7 44. Kg2 Re8 45. Bh2 Rf6 46. Bg1 Bxg1 47.
Rxg1 Kd6 48. Rh1 Kc5 49. Ra1 b4 50. Ne2 h3+ 51. Kg3 h2 52. Rh1 c3 53. bxc3 b3
54. Nc1 Kc4 55. Rxh2 a5 56. g5 Rb6 57. Nxb3 Kxb3 0-1

[Event "BL 0708 Godesberger SK - Hamburger SK"]
[Site "?"]
[Date "2008.02.09"]
[Round "8.3"]
[White "Kempinski, Robert"]
[Black "Sprenger, Jan-Michael"]
[Result "1/2-1/2"]
[WhiteElo "2596"]
[BlackElo "2536"]
[PlyCount "114"]
[EventDate "2008.??.??"]

1. c4 e5 2. Nc3 Nf6 3. Nf3 Nc6 4. d3 d5 5. cxd5 Nxd5 6. e3 Be7 7. Be2 O-O 8.
O-O Be6 9. Qc2 f5 10. a3 a5 11. Na4 Kh8 12. b3 Bf6 13. Nc5 Bc8 14. Bb2 Qe8 15.
Rac1 b6 16. Na4 Bb7 17. Rfd1 Rd8 18. Nc3 Nce7 19. Ne4 fxe4 20. dxe4 Nxe3 21.
fxe3 Rxd1+ 22. Rxd1 Nc6 23. Bb5 Qe6 24. Qc4 Qxc4 25. Bxc4 Rd8 26. Rc1 Rd7 27.
g4 h6 28. h4 Nd8 29. g5 hxg5 30. hxg5 Bxe4 31. gxf6 Bxf3 32. Rf1 Bh5 33. Bxe5
gxf6 34. Rxf6 Kh7 35. b4 axb4 36. axb4 Nf7 37. Bd4 Bg6 38. Be6 Re7 39. Bd5 Nd6
40. Rf8 Re8 41. Rf2 Be4 42. Bf7 Nxf7 43. Rxf7+ Kg6 44. Rxc7 b5 45. Rc5 Bd3 46.
Kf2 Rf8+ 47. Ke1 Bc4 48. Kd2 Re8 49. Kc3 Kf7 50. Rxc4 bxc4 51. Kxc4 Ke6 52. b5
Kd6 53. Bc5+ Kc7 54. Kd5 Rd8+ 55. Kc4 Re8 56. Kd3 Rb8 57. Kc4 Re8 1/2-1/2

[Event "BL 0708 Godesberger SK - Hamburger SK"]
[Site "?"]
[Date "2008.02.09"]
[Round "8.5"]
[White "Mueller, Karsten Dr"]
[Black "Jenni, Florian"]
[Result "1/2-1/2"]
[WhiteElo "2515"]
[BlackElo "2511"]
[PlyCount "90"]
[EventDate "2008.??.??"]

1. e4 e5 2. Nf3 Nc6 3. Nc3 Nf6 4. g3 d5 5. exd5 Nxd5 6. Bg2 Nxc3 7. bxc3 Bd6 8.
O-O O-O 9. d3 Bf5 10. Rb1 Rb8 11. Be3 Qd7 12. Ng5 b6 13. Ne4 Bg4 14. Qd2 Bh3
15. Bxh3 Qxh3 16. f4 f5 17. Nxd6 cxd6 18. Qg2 Qxg2+ 19. Kxg2 b5 20. Rb3 a6 21.
Bd2 e4 22. Kf2 d5 23. Be3 Rfc8 24. Rfb1 Kf7 25. Ke2 h5 26. Kd2 Ke6 27. a4 bxa4
28. Rxb8 Rxb8 29. Ra1 exd3 30. Rxa4 a5 31. Kxd3 Rb1 32. Ra3 Rh1 33. h4 Rh2 34.
Bd2 Kd6 35. Ra2 Rh1 36. Be3 Rb1 37. Ra3 g6 38. Bf2 Kc7 39. Be3 Rd1+ 40. Ke2 Rb1
41. Kd3 Kd6 42. Bf2 Rd1+ 43. Ke2 Rh1 44. Bb6 Rh2+ 45. Bf2 Rh1 1/2-1/2

[Event "BL 0708 Godesberger SK - Hamburger SK"]
[Site "?"]
[Date "2008.02.09"]
[Round "8.6"]
[White "Likavsky, Tomas"]
[Black "Heinemann, Thies"]
[Result "0-1"]
[WhiteElo "2496"]
[BlackElo "2478"]
[PlyCount "130"]
[EventDate "2008.??.??"]

1. Nf3 Nf6 2. c4 b6 3. Nc3 Bb7 4. d4 e6 5. Bg5 h6 6. Bxf6 Qxf6 7. e4 Bb4 8. Bd3
Bxc3+ 9. bxc3 O-O 10. O-O d6 11. Qd2 e5 12. Rad1 Nc6 13. Qb2 Ba6 14. Rfe1 Na5
15. c5 Bxd3 16. Rxd3 Rfe8 17. Qb5 Re7 18. h3 Rae8 19. dxe5 dxe5 20. Qa6 Qc6 21.
Rd5 Nb7 22. cxb6 axb6 23. Red1 Nd6 24. Qd3 Qa4 25. c4 Nxc4 26. Qb3 Qxb3 27.
axb3 Nd6 28. Re1 f6 29. Nh4 Kf7 30. Nf5 Nxf5 31. exf5 Ra8 32. b4 Ra4 33. Rb1
Ke8 34. Rd2 Rd7 35. Rc2 Kd8 36. g3 Rd4 37. b5 Rd5 38. Rbc1 Ra7 39. Rb2 Ra5 40.
Rbc2 Raxb5 41. Rxc7 Rd1+ 42. Kg2 Rxc1 43. Rxc1 Rc5 44. Ra1 Rc7 45. Kf3 Rd7 46.
Rb1 Kc7 47. Kg4 Kc6 48. Rc1+ Kd6 49. Rd1+ Ke7 50. Rb1 Rb7 51. Rb5 Kd6 52. Kh5
Kc6 53. Rb1 b5 54. Kg6 Kc5 55. g4 b4 56. h4 Kc4 57. h5 b3 58. g5 hxg5 59. h6
gxh6 60. Kxf6 e4 61. Kg6 Rb6+ 62. f6 b2 63. Kg7 Kc3 64. f7 Rb7 65. Re1 Kd2 0-1

[Event "BL 0708 Godesberger SK - Hamburger SK"]
[Site "?"]
[Date "2008.02.09"]
[Round "8.7"]
[White "Beikert, Guenther Dr"]
[Black "Jackelen, Thomas"]
[Result "1/2-1/2"]
[WhiteElo "2449"]
[BlackElo "2437"]
[PlyCount "70"]
[EventDate "2008.??.??"]

1. e4 e6 2. d4 d5 3. Nc3 dxe4 4. Nxe4 Nd7 5. Nf3 Ngf6 6. Bd3 c5 7. O-O Nxe4 8.
Bxe4 Nf6 9. Bd3 cxd4 10. Nxd4 Bc5 11. Nb3 Be7 12. Qf3 O-O 13. Rd1 Qc7 14. Bg5
h6 15. Bh4 Bd7 16. Nd4 Rfd8 17. c3 Be8 18. Bc2 Rac8 19. Qd3 Qc4 20. Qxc4 Rxc4
21. Nf3 Rcc8 22. Ne5 g5 23. Bg3 Nh5 24. Rxd8 Rxd8 25. Rd1 Rxd1+ 26. Bxd1 Nxg3
27. hxg3 f6 28. Nd3 Bd6 29. c4 b6 30. b4 Bg6 31. c5 Be7 32. Be2 Bxd3 33. Bxd3
bxc5 34. bxc5 Bxc5 35. g4 Kf7 1/2-1/2

[Event "BL 0708 Godesberger SK - Hamburger SK"]
[Site "?"]
[Date "2008.02.09"]
[Round "8.8"]
[White "Seul, Georg"]
[Black "Huschenbeth, Niclas"]
[Result "1-0"]
[WhiteElo "2450"]
[BlackElo "2318"]
[PlyCount "79"]
[EventDate "2008.??.??"]

1. e4 c5 2. d3 Nc6 3. f4 g6 4. Nf3 Bg7 5. Be2 e6 6. c3 Nge7 7. O-O O-O 8. Na3
d6 9. Be3 b5 10. d4 b4 11. cxb4 cxb4 12. Nc2 a5 13. Bd3 d5 14. e5 b3 15. axb3
Qb6 16. Ra3 Ba6 17. Bxa6 Qxa6 18. g4 Rfb8 19. Nfe1 Bf8 20. Nd3 Nc8 21. b4 Nxb4
22. Ncxb4 Bxb4 23. Ra2 Bf8 24. f5 Qc4 25. fxe6 fxe6 26. Qf3 Nb6 27. Nf4 Bg7 28.
Raa1 Rf8 29. Rac1 Qb3 30. Rc7 Bh6 31. g5 Bxg5 32. Qh3 Bh6 33. Qxe6+ Kh8 34.
Rxh7+ Kxh7 35. Qxg6+ Kh8 36. Qxh6+ Kg8 37. Qg6+ Kh8 38. Rf3 Qd1+ 39. Kf2 Rxf4
40. Rxf4 1-0

[Event "BL 0708 SC Remagen - Werder Bremen"]
[Site "?"]
[Date "2008.02.09"]
[Round "8.2"]
[White "Avrukh, Boris"]
[Black "Fressinet, Laurent"]
[Result "1/2-1/2"]
[WhiteElo "2641"]
[BlackElo "2654"]
[PlyCount "65"]
[EventDate "2008.??.??"]

1. d4 d5 2. c4 c6 3. Nf3 Nf6 4. Nc3 dxc4 5. a4 Bf5 6. Ne5 Nbd7 7. Nxc4 Qc7 8.
g3 e5 9. dxe5 Nxe5 10. Bf4 Nfd7 11. Bg2 g5 12. Ne3 gxf4 13. Nxf5 O-O-O 14. Qc2
Nc5 15. O-O fxg3 16. hxg3 a5 17. Rad1 h5 18. Rxd8+ Qxd8 19. Rd1 Qf6 20. e3 Kb8
21. Ne2 Ne6 22. Ned4 Bb4 23. Nxe6 fxe6 24. Nd4 Rd8 25. Rf1 Rc8 26. Qh7 Nc4 27.
Rc1 Nxe3 28. Nxc6+ bxc6 29. Rxc6 Rxc6 30. Bxc6 Qe7 31. Qxe7 Bxe7 32. fxe3 Kc7
33. Bf3 1/2-1/2

[Event "BL 0708 SC Remagen - Werder Bremen"]
[Site "?"]
[Date "2008.02.09"]
[Round "8.3"]
[White "Meier, Georg"]
[Black "Fedorchuk, Sergey"]
[Result "1/2-1/2"]
[WhiteElo "2558"]
[BlackElo "2645"]
[PlyCount "91"]
[EventDate "2008.??.??"]

1. e4 e5 2. Nf3 Nc6 3. Bb5 a6 4. Bxc6 dxc6 5. O-O f6 6. d4 exd4 7. Nxd4 c5 8.
Ne2 Qxd1 9. Rxd1 Bd7 10. Be3 O-O-O 11. Nbc3 Re8 12. Rd2 Bc6 13. Rad1 b6 14. a4
Kb7 15. a5 b5 16. Rd8 Rxd8 17. Rxd8 Be7 18. Rd1 Bd6 19. Nf4 Bxf4 20. Bxf4 Ne7
21. f3 b4 22. Ne2 f5 23. Bg5 Re8 24. Nf4 fxe4 25. Ne6 exf3 26. gxf3 Kc8 27.
Nxc5 Ng6 28. Kf2 Rf8 29. Rd4 h6 30. Be3 Rxf3+ 31. Ke2 Rh3 32. Bg1 Ne5 33. Rxb4
Bb5+ 34. Ke1 Nf3+ 35. Kf2 Nxg1 36. Rf4 Kd8 37. Kxg1 Re3 38. c4 Bc6 39. Kf2 Rh3
40. Kg1 Re3 41. b4 Re2 42. h4 Rg2+ 43. Kf1 Rc2 44. Ke1 g5 45. Rd4+ Ke7 46. hxg5
1/2-1/2

[Event "BL 0708 SC Remagen - Werder Bremen"]
[Site "?"]
[Date "2008.02.09"]
[Round "8.4"]
[White "Goloshchapov, Alexander"]
[Black "Kritz, Leonid"]
[Result "1/2-1/2"]
[WhiteElo "2563"]
[BlackElo "2596"]
[PlyCount "77"]
[EventDate "2008.??.??"]

1. d4 d5 2. c4 c6 3. Nc3 Nf6 4. e3 a6 5. Nf3 b5 6. b3 Bg4 7. Be2 e6 8. O-O Nbd7
9. h3 Bh5 10. Bb2 Bd6 11. Ne5 Bxe2 12. Nxe2 bxc4 13. bxc4 O-O 14. Qc2 Qc7 15.
Nd3 Rfb8 16. Rab1 Ra7 17. c5 Be7 18. Bc3 Ne4 19. Rxb8+ Nxb8 20. Be1 Bh4 21. g3
Bd8 22. f3 Nf6 23. g4 Qc8 24. Bg3 Bc7 25. Rb1 Bxg3 26. Nxg3 Rb7 27. Kf2 Nfd7
28. f4 Rb5 29. a4 Rxb1 30. Qxb1 Qc7 31. Kf3 g6 32. e4 Qa5 33. Qc2 Nf8 34. e5
Nbd7 35. Nf1 Qd8 36. Ne3 g5 37. f5 f6 38. Qc3 Qb8 39. Nd1 1/2-1/2

[Event "BL 0708 SC Remagen - Werder Bremen"]
[Site "?"]
[Date "2008.02.09"]
[Round "8.5"]
[White "Hracek, Zbynek"]
[Black "Degraeve, Jean-Marc"]
[Result "1/2-1/2"]
[WhiteElo "2598"]
[BlackElo "2546"]
[PlyCount "56"]
[EventDate "2008.??.??"]

1. e4 Nf6 2. e5 Nd5 3. d4 d6 4. Nf3 dxe5 5. Nxe5 c6 6. Be2 Bf5 7. O-O Nd7 8.
Nf3 h6 9. Bd2 e6 10. c4 N5f6 11. Bf4 Be7 12. Nc3 O-O 13. d5 cxd5 14. cxd5 Ne4
15. dxe6 fxe6 16. Nb5 Nb6 17. Qxd8 Rfxd8 18. Bc7 Rd7 19. Bxb6 axb6 20. Bc4 Nd2
21. Nxd2 Rxd2 22. Rad1 Rad8 23. Rxd2 Rxd2 24. h3 Bc5 25. Nc3 Rxb2 26. g4 Bg6
27. Na4 Rc2 28. Bxe6+ Bf7 1/2-1/2

[Event "BL 0708 SC Remagen - Werder Bremen"]
[Site "?"]
[Date "2008.02.09"]
[Round "8.7"]
[White "Babula, Vlastimil"]
[Black "Mainka, Romuald"]
[Result "0-1"]
[WhiteElo "2596"]
[BlackElo "2496"]
[PlyCount "74"]
[EventDate "2008.??.??"]

1. d4 d5 2. c4 c6 3. Nf3 Nf6 4. Nc3 dxc4 5. a4 e6 6. e3 c5 7. Bxc4 cxd4 8. exd4
Nc6 9. O-O Be7 10. Bg5 O-O 11. Re1 Bd7 12. Qe2 h6 13. Bf4 Nb4 14. Ne5 Be8 15.
Rad1 Nfd5 16. Bc1 Rc8 17. Qg4 Kh7 18. Qf3 Rc7 19. Bb3 a6 20. Bd2 b6 21. Nxd5
Nxd5 22. Qd3+ Kg8 23. Qxa6 Rc8 24. Qd3 Bd6 25. Rc1 Ra8 26. Nc6 Qh4 27. g3 Qf6
28. Qe4 Bd7 29. Ne5 Bxe5 30. dxe5 Qg6 31. Qd4 Rfc8 32. Rc4 Rxc4 33. Qxc4 Rc8
34. Qd4 Qh5 35. Bxd5 exd5 36. Qxd5 Bc6 37. Qc4 Qf3 0-1

[Event "BL 0708 SC Remagen - Werder Bremen"]
[Site "?"]
[Date "2008.02.09"]
[Round "8.8"]
[White "Swinkels, Robin"]
[Black "Fish, Gennadij"]
[Result "1-0"]
[WhiteElo "2433"]
[BlackElo "2546"]
[PlyCount "81"]
[EventDate "2008.??.??"]

1. e4 c5 2. Nf3 e6 3. d4 cxd4 4. Nxd4 a6 5. c4 Nf6 6. Nc3 Qc7 7. a3 d6 8. Be3
Nbd7 9. Be2 Be7 10. Rc1 b6 11. O-O Bb7 12. f3 O-O 13. b4 Rac8 14. Qd2 Rfe8 15.
Rc2 Qb8 16. Rb1 Bd8 17. Kh1 Ne5 18. Na4 d5 19. exd5 exd5 20. c5 b5 21. Nc3 Bc7
22. Nf5 Nc4 23. Bxc4 dxc4 24. Bd4 Bf4 25. Qf2 Rc6 26. Re1 Rce6 27. Rce2 Nh5 28.
Qh4 g6 29. c6 Rxe2 30. Rxe2 Bxc6 31. Rxe8+ Bxe8 32. Nd5 Be5 33. Nde7+ Kh8 34.
Qe4 f6 35. Qd5 Bd7 36. Qxd7 gxf5 37. Nc6 Qf8 38. Bc5 Ng3+ 39. Kg1 Ne2+ 40. Kf2
Qg8 41. Ne7 1-0

[Event "BL 0708 SV Wattenscheid - SG Turm Trier"]
[Site "?"]
[Date "2008.02.09"]
[Round "8.2"]
[White "Rustemov, Alexander"]
[Black "Cyborowski, Lukasz"]
[Result "0-1"]
[WhiteElo "2552"]
[BlackElo "2549"]
[PlyCount "90"]
[EventDate "2008.??.??"]

1. d4 Nf6 2. Nf3 d5 3. c4 e6 4. Nc3 c5 5. cxd5 Nxd5 6. e4 Nxc3 7. bxc3 cxd4 8.
cxd4 Bb4+ 9. Bd2 Bxd2+ 10. Qxd2 O-O 11. Bc4 Nd7 12. O-O b6 13. d5 Nf6 14. Rad1
Qc7 15. Qd4 exd5 16. exd5 Qd6 17. Ne5 Bb7 18. Rd3 Rac8 19. Rfd1 Rc5 20. Rg3 Re8
21. Nd7 Qxd7 22. Qxf6 g6 23. Qd4 Qa4 24. Bf1 Qxd4 25. Rxd4 Rxd5 26. Re3 Kf8 27.
Rxe8+ Kxe8 28. Re4+ Kd7 29. Re1 Rd4 30. a3 Bd5 31. f3 Rd2 32. Rc1 Kd6 33. Rc8
Ra2 34. Rc3 Rb2 35. h4 Rb3 36. Rd3 Rxd3 37. Bxd3 Kc5 38. Kf2 Kd4 39. Bb5 Bc4
40. Bc6 b5 41. g4 a5 42. Ke1 Ke3 43. g5 b4 44. axb4 axb4 45. Be4 b3 0-1

[Event "BL 0708 SV Wattenscheid - SG Turm Trier"]
[Site "?"]
[Date "2008.02.09"]
[Round "8.3"]
[White "Bobras, Piotr"]
[Black "Bartel, Mateusz"]
[Result "0-1"]
[WhiteElo "2564"]
[BlackElo "2608"]
[PlyCount "72"]
[EventDate "2008.??.??"]

1. e4 e6 2. d4 d5 3. Nc3 Nf6 4. Bg5 Be7 5. e5 Nfd7 6. h4 Bxg5 7. hxg5 Qxg5 8.
Qd3 Nf8 9. Nh3 Qh4 10. g3 Qe7 11. Nf4 Nc6 12. Nh5 Rg8 13. O-O-O Bd7 14. f4
O-O-O 15. Kb1 f6 16. exf6 gxf6 17. f5 Rg5 18. fxe6 Nxe6 19. Nf4 Nexd4 20. Ncxd5
Qc5 21. Qc4 Qxc4 22. Bxc4 Bg4 23. Rd3 b5 24. Bb3 Bf3 25. Rxh7 Be4 26. Rxc7+ Kb8
27. Rd1 Bxd5 28. Nxd5 Rd6 29. c4 Nxb3 30. axb3 Rgxd5 31. Rxd5 Kxc7 32. Rxb5
Rd1+ 33. Ka2 a5 34. b4 axb4 35. g4 Rg1 36. Rf5 b3+ 0-1

[Event "BL 0708 SV Wattenscheid - SG Turm Trier"]
[Site "?"]
[Date "2008.02.09"]
[Round "8.4"]
[White "Appel, Ralf"]
[Black "Flumbort, Andras"]
[Result "1-0"]
[WhiteElo "2529"]
[BlackElo "2499"]
[PlyCount "93"]
[EventDate "2008.??.??"]

1. Nf3 c5 2. g3 Nc6 3. Bg2 g6 4. O-O Bg7 5. c4 e5 6. Nc3 d6 7. Ne1 Be6 8. d3
Nge7 9. Nc2 d5 10. cxd5 Nxd5 11. Ne4 b6 12. Ng5 Bc8 13. Ne3 Nde7 14. Bd2 h6 15.
Ne4 f5 16. Nc3 Be6 17. a3 a5 18. Qa4 Rc8 19. b4 axb4 20. axb4 cxb4 21. Nb5 O-O
22. Bxb4 e4 23. Ra3 Nxb4 24. Qxb4 Nc6 25. Qb1 f4 26. gxf4 Rxf4 27. dxe4 Qf8 28.
Nd5 Bxd5 29. exd5 Nd4 30. Nxd4 Qxa3 31. Qxg6 Rf6 32. Qg4 Rc4 33. e3 Qd6 34. Kh1
Rg6 35. Qf5 Bxd4 36. Be4 Rg5 37. Qh7+ Kf8 38. exd4 Rh5 39. f4 Qf6 40. Rg1 Rxh2+
41. Kxh2 Qh4+ 42. Kg2 Qg4+ 43. Kf2 Qxf4+ 44. Ke2 Qh2+ 45. Rg2 Rc2+ 46. Bxc2
Qxg2+ 47. Kd3 1-0

[Event "BL 0708 SV Wattenscheid - SG Turm Trier"]
[Site "?"]
[Date "2008.02.09"]
[Round "8.5"]
[White "Jaracz, Pawel"]
[Black "Holzke, Frank Dr"]
[Result "1/2-1/2"]
[WhiteElo "2518"]
[BlackElo "2485"]
[PlyCount "36"]
[EventDate "2008.??.??"]

1. e4 e5 2. Nf3 Nc6 3. Bb5 a6 4. Ba4 Nf6 5. O-O Nxe4 6. d4 b5 7. Bb3 d5 8. dxe5
Be6 9. c3 Bc5 10. Qd3 Ne7 11. Be3 Bxe3 12. Qxe3 O-O 13. Nbd2 Nxd2 14. Qxd2 c5
15. Rad1 Qc7 16. Rfe1 h6 17. Bc2 Rac8 18. h3 Rfd8 1/2-1/2

[Event "BL 0708 SV Wattenscheid - SG Turm Trier"]
[Site "?"]
[Date "2008.02.09"]
[Round "8.6"]
[White "Handke, Florian"]
[Black "Gonda, Laszlo"]
[Result "0-1"]
[WhiteElo "2497"]
[BlackElo "2502"]
[PlyCount "118"]
[EventDate "2008.??.??"]

1. e4 e5 2. Nf3 Nc6 3. Bb5 a6 4. Ba4 Nf6 5. d3 b5 6. Bb3 Be7 7. O-O d6 8. c3
O-O 9. Re1 Na5 10. Bc2 c5 11. Nbd2 Re8 12. Nf1 h6 13. Ng3 Bf8 14. h3 Nc6 15. d4
cxd4 16. cxd4 exd4 17. Nxd4 Nxd4 18. Qxd4 Be6 19. Bf4 Rc8 20. Qd2 Nd7 21. Bb3
Bxb3 22. axb3 Nc5 23. Qd5 Qf6 24. Nf5 Qxb2 25. Rab1 Qf6 26. Rbc1 Qe6 27. Bxd6
Qxd5 28. exd5 Rxe1+ 29. Rxe1 Bxd6 30. Nxd6 Rd8 31. Rc1 Nxb3 32. Rc6 a5 33. Nxb5
Rxd5 34. Rb6 Rd1+ 35. Kh2 Nd2 36. Nc3 Rc1 37. Ne2 Rb1 38. Rxb1 Nxb1 39. Kg3 a4
40. Kf4 a3 41. Nc1 Nc3 42. Ke3 Kh7 43. Kd3 a2 44. Nb3 Nd5 45. Ke4 Nb4 46. Na1
Kg6 47. Kf4 Kf6 48. h4 Ke6 49. Ke4 Kd6 50. Kd4 h5 51. f3 Nc6+ 52. Kc3 Ke5 53.
Kb2 Kf4 54. Nc2 Kg3 55. Ne3 g6 56. Kxa2 Nd4 57. Nc4 Kxg2 58. Ne5 Nxf3 59. Nxf7
Nxh4 0-1

[Event "BL 0708 SV Wattenscheid - SG Turm Trier"]
[Site "?"]
[Date "2008.02.09"]
[Round "8.7"]
[White "Kolbus, Dietmar"]
[Black "Dinstuhl, Volkmar Dr"]
[Result "1-0"]
[WhiteElo "2386"]
[BlackElo "2435"]
[PlyCount "61"]
[EventDate "2008.??.??"]

1. c4 e5 2. Nc3 Nf6 3. Nf3 Nc6 4. d3 Bb4 5. Bd2 O-O 6. a3 Bxc3 7. Bxc3 Re8 8.
e4 d6 9. h3 Ne7 10. g3 Ng6 11. Bg2 c6 12. O-O d5 13. Qc2 d4 14. Bd2 h6 15. Rae1
Nh7 16. Kh2 f5 17. exf5 Bxf5 18. Bc1 Nf6 19. Nd2 Rf8 20. c5 Qc7 21. Nc4 Kh7 22.
Nd6 Bd7 23. f4 exf4 24. Bxf4 b6 25. Ne8 Qb7 26. Nxf6+ Rxf6 27. Bd6 Rxf1 28.
Rxf1 Re8 29. Rf7 Qc8 30. Qf2 bxc5 31. Qf6 1-0

[Event "BL 0708 SV Wattenscheid - SG Turm Trier"]
[Site "?"]
[Date "2008.02.09"]
[Round "8.8"]
[White "Straeter, Timo"]
[Black "Cioara, Andrei Nestor"]
[Result "1/2-1/2"]
[WhiteElo "2325"]
[BlackElo "2428"]
[PlyCount "86"]
[EventDate "2008.??.??"]

1. d4 e6 2. c4 Nf6 3. Nc3 Bb4 4. e3 b6 5. Nge2 Ne4 6. f3 Nxc3 7. bxc3 Be7 8. e4
d6 9. Ng3 e5 10. f4 exf4 11. Bxf4 Bg5 12. Qd2 h6 13. Bd3 Bxf4 14. Qxf4 Qg5 15.
Qf2 O-O 16. O-O Nc6 17. Rae1 Bd7 18. Re3 Rae8 19. Rf3 Nd8 20. Nf5 Bxf5 21. Rxf5
Qe7 22. Qg3 Ne6 23. h4 c5 24. e5 dxe5 25. Rxe5 cxd4 26. Qg4 dxc3 27. Qe4 g6 28.
h5 f5 29. Qe3 Qg5 30. Qe1 Ng7 31. hxg6 Qxg6 32. Qxc3 Qg3 33. Rfe1 Rxe5 34. Rxe5
Rd8 35. Rd5 Qe3+ 36. Kh1 Re8 37. Qd4 Qg3 38. Kg1 Qe1+ 39. Kh2 Qd1 40. Rd7 Qh5+
41. Kg1 Qd1+ 42. Kh2 Qh5+ 43. Kg1 Qd1+ 1/2-1/2

[Event "BL 0708 TV Tegernsee - SC Kreuzberg"]
[Site "?"]
[Date "2008.02.10"]
[Round "9.5"]
[White "Kalinitschew, Sergey"]
[Black "Teske, Henrik"]
[Result "1/2-1/2"]
[WhiteElo "2489"]
[BlackElo "2518"]
[PlyCount "32"]
[EventDate "2008.??.??"]

1. d4 d5 2. c4 dxc4 3. e3 Be6 4. Nf3 c6 5. a4 Nf6 6. Na3 c5 7. Bxc4 Bxc4 8.
Nxc4 cxd4 9. exd4 e6 10. O-O Be7 11. Qb3 Qd5 12. Qb5+ Nbd7 13. Ne3 Qxb5 14.
axb5 O-O 15. Bd2 a6 16. bxa6 Rxa6 1/2-1/2

[Event "BL 0708 TV Tegernsee - SC Kreuzberg"]
[Site "?"]
[Date "2008.02.10"]
[Round "9.6"]
[White "Bromberger, Stefan"]
[Black "Volke, Karsten"]
[Result "1/2-1/2"]
[WhiteElo "2491"]
[BlackElo "2472"]
[PlyCount "44"]
[EventDate "2008.??.??"]

1. d4 Nf6 2. c4 e6 3. Nc3 Bb4 4. Qc2 O-O 5. a3 Bxc3+ 6. Qxc3 b6 7. Bg5 Bb7 8.
f3 d5 9. e3 Nbd7 10. cxd5 exd5 11. Bd3 Re8 12. Ne2 h6 13. Bh4 c5 14. O-O Rc8
15. Qd2 Nf8 16. Rad1 Bc6 17. dxc5 bxc5 18. Nc3 Qe7 19. Rfe1 Rcd8 20. Bb1 Ng6
21. Bxg6 fxg6 22. Qc2 g5 1/2-1/2

[Event "BL 0708 TV Tegernsee - SC Kreuzberg"]
[Site "?"]
[Date "2008.02.10"]
[Round "9.8"]
[White "Kindermann, Stefan"]
[Black "Loeffler, Stefan"]
[Result "1/2-1/2"]
[WhiteElo "2528"]
[BlackElo "2409"]
[PlyCount "87"]
[EventDate "2008.??.??"]

1. e4 Nf6 2. e5 Nd5 3. d4 d6 4. Nf3 dxe5 5. Nxe5 c6 6. Bd3 Nd7 7. Nf3 N7f6 8.
h3 Nb4 9. Be2 Bf5 10. Na3 e6 11. c3 Nbd5 12. Nc4 Be7 13. Nce5 Nd7 14. O-O O-O
15. Nxd7 Qxd7 16. Bd3 Bxd3 17. Qxd3 Rfd8 18. c4 Nb4 19. Qe2 c5 20. Rd1 Bf6 21.
Be3 Qa4 22. b3 Qa3 23. Rd2 a5 24. Rb1 a4 25. bxa4 cxd4 26. Bxd4 Bxd4 27. Rxd4
Qxa4 28. Qe4 Nc6 29. Rxd8+ Nxd8 30. Ng5 f5 31. Qh4 h6 32. Nf3 Qxa2 33. Rd1 Nc6
34. Rd7 Ne5 35. Rxb7 Qxc4 36. Qxc4 Nxc4 37. Re7 Ra1+ 38. Kh2 Ra2 39. Kg1 Re2
40. Nd4 Re1+ 41. Kh2 Kf8 42. Rxe6 Rxe6 43. Nxe6+ Kf7 44. Nd4 1/2-1/2

[Event "BL 0708 SC Eppingen - SK Zehlendorf"]
[Site "?"]
[Date "2008.02.10"]
[Round "9.2"]
[White "Braun, Arik"]
[Black "Ruck, Robert"]
[Result "1/2-1/2"]
[WhiteElo "2541"]
[BlackElo "2561"]
[PlyCount "43"]
[EventDate "2008.??.??"]

1. Nf3 d5 2. d4 Nf6 3. c4 c6 4. Nc3 dxc4 5. a4 e6 6. e3 c5 7. Bxc4 Nc6 8. O-O
Be7 9. Qe2 cxd4 10. exd4 O-O 11. Rd1 Nb4 12. Ne5 Bd7 13. d5 exd5 14. Nxd5 Nbxd5
15. Bxd5 Nxd5 16. Rxd5 Bg4 17. Qd3 Qxd5 18. Qxd5 Rad8 19. Qb3 Rd1+ 20. Qxd1
Bxd1 21. Be3 Rd8 22. Bxa7 1/2-1/2

[Event "BL 0708 SC Eppingen - SK Zehlendorf"]
[Site "?"]
[Date "2008.02.10"]
[Round "9.3"]
[White "Maksimenko, Andrei"]
[Black "Gyimesi, Zoltan"]
[Result "1/2-1/2"]
[WhiteElo "2505"]
[BlackElo "2610"]
[PlyCount "28"]
[EventDate "2008.??.??"]

1. d4 Nf6 2. c4 e6 3. Nf3 d5 4. g3 Bb4+ 5. Bd2 Be7 6. Bg2 O-O 7. O-O c6 8. Bf4
Nbd7 9. Qc2 b6 10. Nbd2 Ba6 11. Rfd1 Nh5 12. Be3 Nhf6 13. Bf4 Nh5 14. Be3 Nhf6
1/2-1/2

[Event "BL 0708 SC Eppingen - SK Zehlendorf"]
[Site "?"]
[Date "2008.02.10"]
[Round "9.6"]
[White "Guliyev, Namig"]
[Black "Berger, Steve"]
[Result "1-0"]
[WhiteElo "2560"]
[BlackElo "2410"]
[PlyCount "75"]
[EventDate "2008.??.??"]

1. e4 e6 2. d4 d5 3. Nc3 Bb4 4. e5 c5 5. a3 Bxc3+ 6. bxc3 Ne7 7. Qg4 O-O 8. Bd3
f5 9. exf6 Rxf6 10. Bg5 Rf7 11. Qh5 g6 12. Qd1 Nbc6 13. Nf3 Qf8 14. O-O c4 15.
Be2 h6 16. Bc1 Qg7 17. a4 Bd7 18. a5 Nf5 19. Re1 Nd6 20. Bf1 g5 21. Ne5 Nxe5
22. Rxe5 Ne4 23. Rxe4 dxe4 24. Bxc4 Rc8 25. Qe2 Qf6 26. Be3 Bc6 27. Bb3 Bd5 28.
c4 Bc6 29. Rd1 Be8 30. d5 Rd7 31. d6 Rg7 32. Bxa7 Qf5 33. Bd4 e5 34. Bb6 g4 35.
c5+ Kh8 36. a6 g3 37. fxg3 Bh5 38. Rf1 1-0

[Event "BL 0708 SC Eppingen - SK Zehlendorf"]
[Site "?"]
[Date "2008.02.10"]
[Round "9.7"]
[White "Werner, Dimo"]
[Black "Medvegy, Zoltan"]
[Result "1/2-1/2"]
[WhiteElo "2346"]
[BlackElo "2512"]
[PlyCount "42"]
[EventDate "2008.??.??"]

1. e4 c6 2. d4 d5 3. Nc3 dxe4 4. Nxe4 Bf5 5. Nc5 Qc7 6. Bd3 Bg6 7. Qe2 e6 8.
Ne4 Nf6 9. Nf3 Nbd7 10. Bd2 Nd5 11. g3 Nb4 12. Bxb4 Bxb4+ 13. c3 Be7 14. O-O-O
O-O-O 15. Ned2 Bh5 16. h3 Kb8 17. Kb1 Bf6 18. g4 Bg6 19. Bxg6 hxg6 20. g5 Be7
21. Qe4 Bd6 1/2-1/2

[Event "BL 0708 SC Eppingen - SK Zehlendorf"]
[Site "?"]
[Date "2008.02.10"]
[Round "9.8"]
[White "Vogt, Lothar"]
[Black "Orzech, Dominik"]
[Result "1/2-1/2"]
[WhiteElo "2473"]
[BlackElo "2483"]
[PlyCount "37"]
[EventDate "2008.??.??"]

1. e4 c5 2. c3 d5 3. exd5 Qxd5 4. d4 Nf6 5. Nf3 Bg4 6. Qa4+ Bd7 7. Qb3 Qxb3 8.
axb3 e6 9. Na3 Nc6 10. dxc5 Bxc5 11. b4 Be7 12. Nc4 Nd5 13. b5 Nb8 14. Ne3 Nb6
15. Nc2 a6 16. Be3 Bd8 17. Bf4 f6 18. Bd6 Be7 19. Bc7 1/2-1/2

[Event "BL 0708 SV Mülheim Nord - Bindl-Aktionä"]
[Site "?"]
[Date "2008.02.10"]
[Round "9.4"]
[White "Berelovich, Alexander"]
[Black "Baramidze, David"]
[Result "1/2-1/2"]
[WhiteElo "2595"]
[BlackElo "2569"]
[PlyCount "99"]
[EventDate "2008.??.??"]

1. e4 e5 2. Nf3 Nc6 3. d4 exd4 4. Nxd4 Bb4+ 5. c3 Be7 6. Bd3 Nf6 7. O-O O-O 8.
Nxc6 dxc6 9. Bc2 Ng4 10. Qxd8 Rxd8 11. Nd2 Ne5 12. Nb3 c5 13. Na5 b6 14. Bf4
Ng6 15. Nc6 Nxf4 16. Nxe7+ Kf8 17. Nxc8 Raxc8 18. Rfd1 c4 19. f3 Rd6 20. e5
Rdd8 21. Kf2 Nd3+ 22. Bxd3 cxd3 23. Ke3 Rd5 24. f4 Rcd8 25. Rd2 g5 26. g3 gxf4+
27. gxf4 f6 28. exf6 R5d6 29. Rad1 Re6+ 30. Kf3 Red6 31. Ke4 Re8+ 32. Kf3 Red8
33. h4 Kf7 34. Ke4 Re8+ 35. Kf3 Red8 36. Re1 Kxf6 37. Re5 c5 38. b3 Rc8 39. Re3
Rcd8 40. Re5 Rc8 41. c4 Rcd8 42. a3 Rd4 43. a4 a5 44. Rh5 Kg6 45. Rg5+ Kf6 46.
Re5 R8d6 47. Ke3 Rd8 48. Kf3 R8d6 49. Ke3 Rd8 50. Kf3 1/2-1/2